000 00710nam a2200193Ia 4500
003 GCL
008 140319s9999 xx 000 0 ara d
040 _aGCL /
_cGCL
082 0 4 _a953.09
_bق ت
100 1 _aقاسم الصمد
245 1 0 _aتاريخ الضنية السياسى والاجتماعى فى العهد العثمانى /
_cقاسم الصمد
260 _a[S.N] :
_bالمؤسسة الجامعية للدراسات والنشر والتوزيع
300 _a216 ص
490 _aالسلسلة التاريخية
_v0
650 0 4 _aالعالم العربى
650 0 4 _aتاريخ
650 0 4 _aالعالم العربى - تاريخ - العصر العثمانى
942 _2ddc
_cBK
999 _c52625
_d52625